Earth-Shattering Earthquakes / (Record no. 5064)

MARC details
000 -LEADER
fixed length control field 01219nam a22002777a 4500
001 - CONTROL NUMBER
control field 5064
003 - CONTROL NUMBER IDENTIFIER
control field FISKH
005 - DATE AND TIME OF LATEST TRANSACTION
control field 20251125155819.0
008 - FIXED-LENGTH DATA ELEMENTS--GENERAL INFORMATION
fixed length control field 241104b cb ||||| |||| 00| 0 eng d
020 ## - INTERNATIONAL STANDARD BOOK NUMBER
International Standard Book Number 9780439944571
040 ## - CATALOGING SOURCE
Original cataloging agency FISKH
Language of cataloging eng
Transcribing agency FISKH
Modifying agency FISKH
082 ## - DEWEY DECIMAL CLASSIFICATION NUMBER
Classification number 551.22
100 ## - MAIN ENTRY--PERSONAL NAME
Personal name Ganeri, Anita
245 ## - TITLE STATEMENT
Title Earth-Shattering Earthquakes /
Statement of responsibility, etc. by Anita Ganeri : illustrated by Mike Philips
260 ## - PUBLICATION, DISTRIBUTION, ETC.
Place of publication, distribution, etc. New York :
Name of publisher, distributor, etc. Scholastic ;
Date of publication, distribution, etc. 2000 .
300 ## - PHYSICAL DESCRIPTION
Extent 127 pages :
Other physical details illustrations ;
Dimensions 21 cm .
490 ## - SERIES STATEMENT
Series statement Horrible Geography
505 ## - FORMATTED CONTENTS NOTE
Formatted contents note Z <br/>
520 ## - SUMMARY, ETC.
Summary, etc. In Earth-Shattering Earthquakes, readers can explore a world of fearsome faults, shaky ground and shattering shock waves. Discover what it takes to be an earthquake expert, learn how to survive when an earthquake hits, and discover how rats and snakes can predict tremors. Filled with hilarious illustrations by Mike Phillips, Horrible Geography is the perfect escapism from miserable maps, rotten rock piles and dire diagrams. Hold tight!
521 8# - TARGET AUDIENCE NOTE
Target audience note 930 <br/>
Source Lexile IG <br/>
521 8# - TARGET AUDIENCE NOTE
Target audience note Z <br/>
Source Raz-Plus <br/>
650 ## - SUBJECT ADDED ENTRY--TOPICAL TERM
Topical term or geographic name entry element earthquakes
Form subdivision non-fiction
700 ## - ADDED ENTRY--PERSONAL NAME
Personal name Phillips, Mike
Relator term illustrator
942 ## - ADDED ENTRY ELEMENTS (KOHA)
Source of classification or shelving scheme Dewey Decimal Classification
Koha item type Books
Suppress in OPAC No
Holdings
Withdrawn status Lost status Source of classification or shelving scheme Damaged status Not for loan Collection Home library Current library Shelving location Date acquired Total Checkouts Full call number Barcode Date last seen Copy number Price effective from Koha item type
    Dewey Decimal Classification     Non-Fiction Footprints International School Library Network Toul Tom Poung Campus Footprints International School Library Network Toul Kork Campus TTP Secondary Non-Fiction Bookshelves 08/21/2025   GAN 551.22 FISO5367 03/23/2026 2 08/21/2025 Books
    Dewey Decimal Classification     Non-Fiction Footprints International School Library Network Toul Tom Poung Campus Footprints International School Library Network Toul Tom Poung Campus TTP Secondary Non-Fiction Bookshelves 11/04/2024   GAN 551.22 FIS01197 02/06/2026 1 11/04/2024 Books
    Dewey Decimal Classification     Non-Fiction Footprints International School Library Network Toul Tom Poung Campus Footprints International School Library Network Toul Tom Poung Campus TTP Secondary Non-Fiction Bookshelves 11/25/2025   GAN 551.22 FISSE00111 11/25/2025 3 11/25/2025 Books